000 00988nam0a2200313 4500
001 RU\NLR\bibl\844821
005 20250614145922.0
010 _a3-86605-079-8
_97000
021 _aRU
_b2005-52880
_92581
035 _a(NLR Aleph) 000833612
090 _a1376316
_c1376316
100 _a20050924d2005 |||y0rusy50 ca
101 1 _arus
_ceng
102 _aRU
105 _aa |||||||||
200 1 _aЧитаем человека как книгу
_fДж. Б. Делакур
_g[пер. с англ. Е. Лукьяновой]
210 _aМосква
_cМой мир
_d2005
215 _a302, [1] с.
_cил.
_d25
606 1 _aФизиогномика
_91613254
_3RU\NLR\auth\661009482
606 1 _aЯзык тела
_92130468
_3RU\NLR\auth\661285360
686 _aЮ9в9
686 _aЮ935.108
700 1 _aДелакур
_bДж. Б.
_4070
801 0 _aRU
_bNLR
_c20050924
_grcr
801 1 _aRU
_bNLR
_c20050924
942 _cBOOK
980 _aNB